000 00766nam a2200289Ia 4500
005 20260324111653.0
008 008 260324s9999 xx 000 0 eng d
020 _a9781003511427
037 _aEBOOK
040 _aCRL
040 _beng
040 _cCRL
041 _2eng
041 _aeng
084 _qCRL
100 _aEsra Sipahi Döngül; Şerife Uğuz Arsu; Richa Goel; Tilottama Singh
_91139530
245 0 _aWomen-Led Innovation and Entrepreneurship
245 0 _bCase Studies of Sustainable Ventures and Practices
260 _bTaylor and Francis
260 _c2025
365 _a
365 _b195
856 _uhttp://www.taylorfrancis.com/books/9781003511427
942 _cEBOOK
999 _c1728429
_d1728429